| 000 | 00689nam a22002057a 4500 | ||
|---|---|---|---|
| 999 |
_c7069 _d7069 |
||
| 003 | AR-CdUCM | ||
| 008 | 190319b ||||| |||| 00| 0 spa d | ||
| 040 |
_aMUNICIPALIDAD PROVINCIAL DEL CUSCO _cBIBLIOTECA MUNICIPAL DEL CUSCO |
||
| 082 |
_a581.985 / _bS72 |
||
| 100 |
_aSoukup, Jaroslav, S.D.B _919909 |
||
| 245 | _aVocabulario de los nombres vulgares de la flora peruana / | ||
| 260 |
_aLima : _bColegio salesiano, _c1970. |
||
| 300 |
_a380 paginas ; _c22 cm. |
||
| 505 | _aContenido :Vocabulario de los nombres vulgares de la flora peruana. | ||
| 650 |
_aGlosarios _919910 |
||
| 650 |
_aFlora peruana _919911 |
||
| 650 |
_aFauna peruana _919912 |
||
| 942 |
_2ddc _cLIBROS |
||
| 945 | _arum | ||